Informe de labores 2010-2011 /

El documento detalla exhaustivamente las actividades, logros y avances llevados a cabo en la Asamblea Legislativa de Costa Rica durante el período en cuestión. A lo largo de sus 64 páginas, el informe proporciona una visión integral de las labores legislativas y los resultados alcanzados en este con...

Ամբողջական նկարագրություն

Պահպանված է:
Մատենագիտական մանրամասներ
Հիմնական հեղինակ: Villanueva Monge, Luis Gerardo
Ձևաչափ: Անհայտ
Լեզու:Spanish
Հրապարակվել է: San José, Costa Rica : Asamblea Legislativa
Խորագրեր:
Ցուցիչներ: Ավելացրեք ցուցիչ
Չկան պիտակներ, Եղեք առաջինը, ով նշում է այս գրառումը!

MARC

LEADER 00000 a2200000 04500
001 45229
003 cru IIS
005 20230828224053.0
008 050703s2011 cr spa d
040 |c cru IIS 
090 |a RE 19.02.08 CR8371i 
100 |a Villanueva Monge, Luis Gerardo  
245 |a Informe de labores 2010-2011 /   |c Luis Gerardo Villanueva Monge  
260 |a San José, Costa Rica :   |b Asamblea Legislativa  
300 |a 64 páginas :   |b fotos  
505 |a 1 Disco Compacto 
520 |a El documento detalla exhaustivamente las actividades, logros y avances llevados a cabo en la Asamblea Legislativa de Costa Rica durante el período en cuestión. A lo largo de sus 64 páginas, el informe proporciona una visión integral de las labores legislativas y los resultados alcanzados en este contexto político crucial. Ofrece una visión detallada y exhaustiva de las actividades y logros en la Asamblea Legislativa de Costa Rica durante ese período. Se enfoca en proyectos legislativos, decisiones relevantes, gestión eficiente, transparencia y rendición de cuentas, y destaca la importancia de abordar los desafíos de manera comprometida y responsable. El informe refleja el compromiso de la Asamblea Legislativa en la promoción del bienestar y el desarrollo de la nación costarricense.RAR. 
650 0 |9 243  |a ESTADO 
650 0 |9 9977  |a INFORMES 
650 0 |9 5193  |a ASAMBLEA LEGISLATIVA (COSTA RICA) 
650 0 |9 7937  |a RENDICION DE CUENTAS 
942 |2 ddc  |c RE 
999 |c 44630  |d 44630